00743nam a2200253 a 4500001001300000003000900013005001700022008004100039020001000080082001300090100002100103245004100124260004200165300000900207500003500216505002400251650001300275650001900288700002100307902000800328942000700336952012900343999001700472nice12345678IN_TiNIC20260116013518.0050524s1974 dela grp 000 0 eng  ac25000a294bWIL aWilliams, Monier aReligious Thoughts and Life in India aDelhibMunshiram Manoharlal Pubc1974 a520p aincludes index and biblioraphy2 abibliography, index aHinduism aIndia-Religion1 aWilliams, Monier bSRS cBK 001040708StackRoom-aHMIbHMId2012-10-16g250.00l5m1o294 WILp017273r2019-09-30s2019-09-18v250.00w2005-05-24yBK c11280d11280